A Tó Wellness Hotel SWOT és PEST elemzése

Bibliográfiai részletek
Szerző: Márton Richárd
További közreműködők: Fekete-Frojimovics Dr. Zsófia
Dokumentumtípus: Projektmunka
Kulcsszavak:
hotel
SWOT elemzés
Bánk
Online Access:http://dolgozattar.uni-bge.hu/15987

MARC

LEADER 00000nnm a2200000 i 4500
001 dolg15987
005 20180915114121.0
008 180514suuuu hu o 000 hun d
040 |a BGE Dolgozattár Repozitórium  |b hun 
041 |a hu 
100 1 |a Márton Richárd 
245 1 2 |a A Tó Wellness Hotel SWOT és PEST elemzése  |c Márton Richárd  |h [elektronikus dokumentum] 
516 |a Project_work 
695 |a Tó 
695 |a hotel 
695 |a  SWOT elemzés 
695 |a Bánk 
700 1 |a Fekete-Frojimovics Dr. Zsófia  |e ths 
856 4 0 |u http://dolgozattar.uni-bge.hu/15987/1/A%20T%C3%B3%20Wellness%20Hotel%20SWOT%20%C3%A9s%20PEST%20elemz%C3%A9se.pdf  |z Dokumentum-elérés